| 000 | 00821nam a22002297a 4500 | ||
|---|---|---|---|
| 999 |
_c6058 _d6058 |
||
| 003 | AR-CdUCM | ||
| 008 | 190313b ||||| |||| 00| 0 spa d | ||
| 040 |
_aMUNICIPALIDAD PROVINCIAL DEL CUSCO _cBIBLIOTECA MUNICIPAL DEL CUSCO |
||
| 082 |
_a869.56 / _bL36 |
||
| 100 |
_aLedesma Izquieta, Genaro _917657 |
||
| 245 |
_aEl rostro de la tierra en el espejo : _bpoemas / |
||
| 260 |
_aLima : _bEditora Prensa Peruana, |
||
| 300 |
_a126 páginas ; _c17 cm. |
||
| 500 | _aReferente a la lucha de los comuneros de Pasco contra la Cerro de Pasco Copper Corporation, en 1960. | ||
| 650 |
_aPoesías peruanas _91481 |
||
| 650 |
_aSiglo XX _98 |
||
| 650 |
_aPasco (Perú : Departamento) _917658 |
||
| 650 |
_aCondiciones sociales _91132 |
||
| 700 |
_aValcárcel, Gustavo (prólogo) _917659 |
||
| 942 |
_2ddc _cLIBROS |
||
| 945 | _azta | ||